Từ điển sinh học Anh - Việt và Việt - Anh = Biological dictionary English - Vietnamese and Vietnamese - English (35.000 entries)

Сохранить в:
Библиографические подробности
Главный автор: Kim, Cung Tiến
Формат:
Язык:Undetermined
Опубликовано: Đà Nẵng Nhà xuất bản Đà Nẵng 2004
Предметы:
Метки: Добавить метку
Нет меток, Требуется 1-ая метка записи!
Thư viện lưu trữ: Trung tâm Học liệu Trường Đại học Cần Thơ
LEADER 00690nam a2200217Ia 4500
001 CTU_64075
008 210402s9999 xx 000 0 und d
020 |b 60000 
082 |a 570.03 
082 |b T305 
100 |a Kim, Cung Tiến 
245 0 |a Từ điển sinh học Anh - Việt và Việt - Anh = 
245 0 |b Biological dictionary English - Vietnamese and Vietnamese - English (35.000 entries) 
245 0 |c Kim Cung Tiến 
260 |a Đà Nẵng 
260 |b Nhà xuất bản Đà Nẵng 
260 |c 2004 
650 |a Biology 
650 |x Dictionaries,Vietnamese 
904 |i Minh 
980 |a Trung tâm Học liệu Trường Đại học Cần Thơ